|
|
|
|
| LEADER |
00000cam a2200000 7i4500 |
| 001 |
0000000513 |
| 005 |
20071204093000.0 |
| 008 |
021118s1986 |
| 090 |
0 |
0 |
|a BP70
|b .F3 1986
|
| 100 |
0 |
|
|a فاسي, محمد بن احمد ,
|e author
|
| 245 |
1 |
2 |
|a العقد الثمين في تاريخ البلد الامين
|c تقى الدين محمد بن احمد الحسنى الفاسي
|f تحقيق فؤاد سيد ومحمد حامد الفيقى
|
| 260 |
2 |
|
|a Bayrut :
|b Mu'assasat al-Risalah ,
|c 1986
|
| 300 |
|
|
|a 8 v. ;
|c 25 cm.
|
| 650 |
|
0 |
|a Muslims
|v Biography
|
| 651 |
|
0 |
|a Mecca (Saudi Arabia)
|x Biography
|x Early works to 1800
|
| 745 |
0 |
3 |
|a al-Iqd al-thamin fi tarikh al-Balad al-Amin
|
| 999 |
|
|
|a 1000015658
|b Book
|c OPEN SHELF (30 DAYS)
|e Gong Badak Campus
|
| 999 |
|
|
|a 1000015659
|b Book
|c OPEN SHELF (30 DAYS)
|e Gong Badak Campus
|
| 999 |
|
|
|a 1000015660
|b Book
|c OPEN SHELF (30 DAYS)
|e Gong Badak Campus
|
| 999 |
|
|
|a 1000015661
|b Book
|c OPEN SHELF (30 DAYS)
|e Gong Badak Campus
|
| 999 |
|
|
|a 1000015662
|b Book
|c OPEN SHELF (30 DAYS)
|e Gong Badak Campus
|
| 999 |
|
|
|a 1000015663
|b Book
|c OPEN SHELF (30 DAYS)
|e Gong Badak Campus
|
| 999 |
|
|
|a 1000015664
|b Book
|c OPEN SHELF (30 DAYS)
|e Gong Badak Campus
|
| 999 |
|
|
|a 1000015665
|b Book
|c OPEN SHELF (30 DAYS)
|e Gong Badak Campus
|
| 999 |
|
|
|a 1000015666
|b Book
|c OPEN SHELF (30 DAYS)
|e Gong Badak Campus
|
| 999 |
|
|
|a 1000015667
|b Book
|c OPEN SHELF (30 DAYS)
|e Gong Badak Campus
|
| 999 |
|
|
|a 1000015668
|b Book
|c OPEN SHELF (30 DAYS)
|e Gong Badak Campus
|
| 999 |
|
|
|a 1000015669
|b Book
|c OPEN SHELF (30 DAYS)
|e Gong Badak Campus
|
| 999 |
|
|
|a 1000015670
|b Book
|c OPEN SHELF (30 DAYS)
|e Gong Badak Campus
|
| 999 |
|
|
|a 1000015671
|b Book
|c OPEN SHELF (30 DAYS)
|e Gong Badak Campus
|
| 999 |
|
|
|a 1000015672
|b Book
|c OPEN SHELF (30 DAYS)
|e Gong Badak Campus
|
| 999 |
|
|
|a 1000015673
|b Book
|c OPEN SHELF (30 DAYS)
|e Gong Badak Campus
|